<?xml version="1.0" encoding="UTF-8"?><?xml-stylesheet type="text/xsl" href="static/style.xsl"?><OAI-PMH xmlns="http://www.openarchives.org/OAI/2.0/" xmlns:xsi="http://www.w3.org/2001/XMLSchema-instance" xsi:schemaLocation="http://www.openarchives.org/OAI/2.0/ http://www.openarchives.org/OAI/2.0/OAI-PMH.xsd"><responseDate>2026-04-17T01:32:50Z</responseDate><request verb="GetRecord" identifier="oai:www.recercat.cat:2117/438940" metadataPrefix="marc">https://recercat.cat/oai/request</request><GetRecord><record><header><identifier>oai:recercat.cat:2117/438940</identifier><datestamp>2025-07-19T03:23:36Z</datestamp><setSpec>com_2072_1033</setSpec><setSpec>col_2072_452950</setSpec></header><metadata><record xmlns="http://www.loc.gov/MARC21/slim" xmlns:dcterms="http://purl.org/dc/terms/" xmlns:xsi="http://www.w3.org/2001/XMLSchema-instance" xmlns:doc="http://www.lyncode.com/xoai" xsi:schemaLocation="http://www.loc.gov/MARC21/slim http://www.loc.gov/standards/marcxml/schema/MARC21slim.xsd">
   <leader>00925njm 22002777a 4500</leader>
   <datafield ind2=" " ind1=" " tag="042">
      <subfield code="a">dc</subfield>
   </datafield>
   <datafield ind2=" " ind1=" " tag="720">
      <subfield code="a">Zollinger, Carla</subfield>
      <subfield code="e">author</subfield>
   </datafield>
   <datafield ind2=" " ind1=" " tag="260">
      <subfield code="c">2024</subfield>
   </datafield>
   <datafield ind2=" " ind1=" " tag="520">
      <subfield code="a">The work of the architect João Filgueiras Lima, Lelé, holds an emblematic position in Brazilian architecture, revisiting with high degree of awareness several of the ethical, formal and constructive themes of the architecture of the modern movement of previous decades. His work has contributed to the construction of a transforming landscape in cities, designed for the community as an ecosystem connected by uses and bioclimatic adaptation to the surrounding environment. Flexibility and development towards industrialisation have been paths explored by the architect João Filgueiras Lima, better known as Lelé. Within Lelé's vast oeuvre, his healthcare architecture is still today key to a way of thinking and building spaces, inseparable from urban concepts of connection, adaptation, scalability and replicability. In this sense, this paper proposes a critical discussion on Lelé's works in healthcare, particularly the hospitals of the Sarah Kubitschek Network specialising in musculoskeletal rehabilitation, conceived with the crucial collaboration of the landscape architect Alda Rabello Cunha, the physician Aloísio Campos da Paz and the economist Eduardo Kertész. The aim is to discuss this architecture as a modus operandis in the process of city building, based on the premises present in its design, as well as considering its material pre-existence, in constant risk of deconfiguration and disappearance. The methodological approach is the case study of the Sarah Kubitschek Hospitals, in relation to their conservation, combined with a comparative-propositive analysis of the problematic of the architecture of care facilities from a gender perspective in other contexts. We examine the architecture of spaces for maternity and birth centres, but also those dedicated to providing healthcare for the elderly among others, in order to meet current needs for inclusion and care. The study connects with the research NAIX-EM in which the authors are involved at the Universitat Politècnica de València.</subfield>
   </datafield>
   <datafield ind2=" " ind1=" " tag="520">
      <subfield code="a">Postprint (author's final draft)</subfield>
   </datafield>
   <datafield ind1="8" ind2=" " tag="024">
      <subfield code="a">http://hdl.handle.net/2117/438940</subfield>
   </datafield>
   <datafield tag="653" ind2=" " ind1=" ">
      <subfield code="a">Àrees temàtiques de la UPC::Arquitectura::Arquitectes</subfield>
   </datafield>
   <datafield tag="653" ind2=" " ind1=" ">
      <subfield code="a">Architects- Brazil</subfield>
   </datafield>
   <datafield tag="653" ind2=" " ind1=" ">
      <subfield code="a">Medical centers</subfield>
   </datafield>
   <datafield tag="653" ind2=" " ind1=" ">
      <subfield code="a">Lima,  João Filgueiras</subfield>
   </datafield>
   <datafield tag="653" ind2=" " ind1=" ">
      <subfield code="a">Arquitectes - Brasil</subfield>
   </datafield>
   <datafield tag="653" ind2=" " ind1=" ">
      <subfield code="a">Centres sanitaris</subfield>
   </datafield>
   <datafield ind2="0" ind1="0" tag="245">
      <subfield code="a">Lelé's architecture of care: the Sarah Kubitschek hospitals as a strategy for birth centres and healthcare spaces</subfield>
   </datafield>
</record></metadata></record></GetRecord></OAI-PMH>